| 000 | 00599nam a22002417a 4500 | ||
|---|---|---|---|
| 003 | UA-OsUOA | ||
| 001 | 39574 | ||
| 007 | ta | ||
| 008 | 20080512b un ||||| |||| 00| 0 ukr d | ||
| 100 | _aКонопленко-Запорожець П. | ||
| 090 |
_a78 _bК64 |
||
| 942 | _cBK | ||
| 040 |
_aUA-OsUOA _bukr _cUA-OsUOA _dUA-OsUOA |
||
| 245 | _aКобза і бандура | ||
| 300 | _a167 с. | ||
| 955 | _a4 | ||
| 041 | _aukr | ||
| 080 | _a78 | ||
| 260 |
_aВінніпег _c1963 |
||
| 246 | 3 | 1 | _aНариси про кобзарське мистецтво. |
| 650 | 7 | _2UDC | |
| 999 |
_c438012 _d438012 |
||